Experience Technology: (Record no. 47860)
[ view plain ]
| 000 -LEADER | |
|---|---|
| fixed length control field | 00828nam a22002297a 4500 |
| 008 - FIXED-LENGTH DATA ELEMENTS--GENERAL INFORMATION | |
| fixed length control field | 170113b xxu||||| |||| 00| 0 eng d |
| 020 ## - INTERNATIONAL STANDARD BOOK NUMBER | |
| International Standard Book Number | 9780028387406 |
| 050 ## - LIBRARY OF CONGRESS CALL NUMBER | |
| Classification number | HD9735 |
| Item number | .H37 1997 |
| 100 ## - MAIN ENTRY--PERSONAL NAME | |
| Personal name | Harms, Henry R. |
| 245 ## - TITLE STATEMENT | |
| Title | Experience Technology: |
| Remainder of title | Manufacturing. Construction |
| 250 ## - EDITION STATEMENT | |
| Edition statement | Teacher's Annotated Edition |
| 260 ## - PUBLICATION, DISTRIBUTION, ETC. (IMPRINT) | |
| Place of publication, distribution, etc | New York: |
| Name of publisher, distributor, etc | Glencoe/McGraw-Hill, |
| Date of publication, distribution, etc | 1997 |
| 300 ## - PHYSICAL DESCRIPTION | |
| Extent | (Various paging), |
| Other physical details | ill. ; |
| Dimensions | 27cm. |
| 500 ## - GENERAL NOTE | |
| General note | Includes bibliographical references and index |
| 650 ## - SUBJECT ADDED ENTRY--TOPICAL TERM | |
| Topical term or geographic name as entry element | Architecture |
| General subdivision | Technological innovations |
| 650 ## - SUBJECT ADDED ENTRY--TOPICAL TERM | |
| Topical term or geographic name as entry element | Construction industry |
| Geographic subdivision | United States |
| 650 ## - SUBJECT ADDED ENTRY--TOPICAL TERM | |
| Topical term or geographic name as entry element | Building |
| General subdivision | Technological innovations |
| 650 ## - SUBJECT ADDED ENTRY--TOPICAL TERM | |
| Topical term or geographic name as entry element | Manufacturing industries |
| General subdivision | Technological innovations |
| Geographic subdivision | United States |
| 700 ## - ADDED ENTRY--PERSONAL NAME | |
| Personal name | Kroon, Dennis K. |
| 700 ## - ADDED ENTRY--PERSONAL NAME | |
| Personal name | Weigel, Marlene |
| 942 ## - ADDED ENTRY ELEMENTS (KOHA) | |
| Source of classification or shelving scheme | Library of Congress Classification |
| Item type | Book |
| Withdrawn status | Lost status | Source of classification or shelving scheme | Damaged status | Not for loan | Collection code | Home library | Current library | Shelving location | Date acquired | Source of acquisition | Cost, normal purchase price | Full call number | Barcode | Copy number | Price effective from | Koha item type |
|---|---|---|---|---|---|---|---|---|---|---|---|---|---|---|---|---|
| Library of Congress Classification | Non-fiction | Nairobi Campus | Nairobi Campus | General Circulation | 13/01/2017 | Donations-BFA | 500.00 | HD9735 .H37 1997 | 049351 | 1 | 13/01/2017 | Book |